00517nam a2200169Ia 4500008004100000020001800041041000800059082001800067100001900085245002500104250000600129260003000135300001400165650002200179999001900201952012700220210716s2003 xx 000 0 und d a9780230555279 aeng a658.8342 DESJ aDesmond, John. aConsuming behaviour. a1 aNew DelhibPalgravec2003 axviii,430 aConsumer Behavior c205955d205955 001040708MBAaAIMITbAIMITd2010-12-15g770.00l0o658.8342 DESJpMBA08521r2026-05-23 00:00:00v577.50w2021-07-16yBK